000 00780nam a2200217 a 4500
999 _c10948
_d10948
001 10948
003 BD-JhCC
005 20221124134023.0
008 190630s20052016bg |||| |||| 000 0 ben d
035 _a(BD-JhCC)10948
040 _aBD-JhCC
_dBD-JhCC
041 _aben
082 _a813.54
_bBRO 2016
100 _aব্রাউন, ড্যান
245 _aদ্য দা ভিঞ্চি কোড /
_cড্যান ব্রাউন এবং মোহাম্মদ নাজিম উদ্দিন (অনু.)
260 _aঢাকা :
_bবাতিঘর,
_c২০১৬.
300 _a৪৩০ পৃ. :
_c১৯ সেমি.
650 _aNovel
700 _aউদ্দিন, মোহাম্মদ নাজিম
942 _2ddc
_cBK
_019